| 000 | 00372nam a22001457a 4500 | ||
|---|---|---|---|
| 005 | 20241203140324.0 | ||
| 008 | 241203b |||||||| |||| 00| 0 eng d | ||
| 041 | _aEnglish | ||
| 082 | _a342 NAM | ||
| 100 | _lEnglish | ||
| 245 | _aInternational Symposium | ||
| 300 |
_b231 pages; _c30 cm. |
||
| 650 |
_aLegal practice _bLaw |
||
| 942 |
_cBK _6ALISON_BN_VRIES |
||
| 999 |
_c3270 _d3270 |
||